| 000 | 00809nas a2200253 4500 | ||
|---|---|---|---|
| 001 | BR8302818 | ||
| 003 | BR-BrBNA | ||
| 005 | 20231205085534.0 | ||
| 007 | ta | ||
| 008 | 230509b bl.|||p| |||| 00| 00por d | ||
| 040 |
_aBR-BrBNA _bpor _cBiblioteca Nacional de Agricultura |
||
| 041 | _a(Pt) | ||
| 072 | _aF00 | ||
| 110 | 1 | _aEmpresa Catarinense de Pesquisa Agropecuaria S.A., Florianopolis, SC (Brasil) | |
| 245 | 1 | _aEpocas e densidades do pepino para conserva [Cucumis sativus, Florianopolis, Brasil] | |
| 650 | _aPEPINO | ||
| 650 | _aPRATICA CULTURAL | ||
| 650 | _aVARIEDADE | ||
| 650 | _aCONSERVA | ||
| 650 | _aFLORIANOPOLIS | ||
| 773 | 0 |
_tDirigente Rural (Brazil) _xISSN 0012-3909 _g(Oct 1983), v. 22(10) p. 30-31 _wBR8302818 |
|
| 909 |
_a202311 _bLúcia _c55 _dLúcia Elande |
||
| 942 |
_2AGRIS _n0 _cANA |
||
| 999 |
_c112090 _d112090 |
||